01226cam a22003974i 4500003000900000005001700009008004100026020001500067035002700082040003300109082001900142245006800161264005100229300003800280336002100318337002500339338002300364490001800387504002600405505022200431526001000653526001000663526001000673526001000683526000800693526000800701526000800709526000800717526000800725526000800733526000800741650002500749650001700774650001400791700002300805PE-LiUPU20250731172940.0150623s r 000 0 d a0310212987 a(Sirsi) i9780310212980 aPE-LiUPUbspacPE-LiUPUerda04a236.9bT8722100aThree views on the rapture :bpre-, mid-, or post-tribulation?. 1aMichigan :bZondervan Publishing House,c1996. a268 páginas ;c20 centímetros atext2rdacontent aunmediated2rdamedia avolume2rdacarrier0 aCounterpoints aIncluye bibliografia.0 aA history of the develoment of the rapture positions. - Thew case for the pretribulation rapture positions. - The case for the mid-seventiethweek rapture position. - The case for the posttribulation rapture position. aSEG42 aSEG41 aSEG40 aSEG39 aP94 aP87 aP86 aP85 aP77 aP76 aP3504aESCATOLOGIA (Rapto).04aESCATOLOGIA.04aPROFECIA.1 aChapman, Ben,eed.